000 00383nam a2200145 i 4500
001 bg
100 1 _aWIERIESOW, G. P.
245 0 _aStabilizowane zasilacze urządzeń elektronicznych /
_cG.P. Wieriesow, J.L. Smuriakow.
260 _aWarszawa,
_c1984.
700 1 _aSMURIAKOW, J. L.
040 _cBPK
041 _apol
942 _cKS
008 s pl f |000 0 pol
999 _c22595
_d22595
856 _uhttp://koha.tu.koszalin.pl/cgi-bin/koha/opac-detail.pl?biblionumber=22595
_yKatalog online BPK